000 01434nam a22001937a 4500
003 DO-SdBNP
005 20180510123219.0
008 171129b 1983mx||||| |||| 00| 0 spa d
020 _a84 89600 19 8 (serie)
040 _aBPMSU
_bspa
_cBPMSU
245 _aLa madera y su uso en la construcción
260 _aVeracruz, México :
_bInstituto Nacional de Investigaciones sobre Recursos Bioticos ;
_bLaboratorio de Ciencia y Tecnología de la Madera ,
_c[1983 -]
300 _av.
_bil. ;
_c28 cm.
500 _aSe utilizó el titulo de la serie para reunir la colección en la estantería
500 _aLa biblioteca posee los nos. 4, 5, 7, 8, 9, 10
505 _gv.4.
_tPreservación de madera de pino con sales de boro /
_rJosé Erdoiza, Ramón Echenique M. --
_gv.5.
_tUsos de estructuras de madera en Mexico /
_rFrancisco Robles Fernández --
_gv.7.
_tPrevención y control de daño por termitas en estructuras con madera /
_rVíctor Pérez Moralez , Guadalupe Bárcenos Pazos, Ramón Echenique Manrique --
_gv.8.
_tTratamiento para postes de cerca de madera de pino por el método de baño caliente baño frio con creosota /
_rJosé J. Erdoiza S. --
_gv.9.
_tConstrucción de un invernadero con marcos de madera /
_rRodolfo Flores , Juan José Salinas --
_gv.10.
_tTratamiento de doble difusión para zacate, otate y hojas de palma con sales hidrosolubles /
_rJ. J. Erdoiza Sordo.
942 _2ddc
_cBK
945 _aInventariado, 2017/MFF
999 _c13214
_d13214